Selecta et optimis graecis auctoribus (Registro nro. 12406)

Detalles MARC
000 -ENCABEZADO
Número de control [NR] 00587nam a2200181Ia 4500
008 - DE LONGITUD FIJA DE DATOS DE ELEMENTOS - INFORMACIÓN GENERAL
Elementos de longitud fija [NR] 130821s1829 sp gr fre
040 ## - FUENTE DE CATALOGACION [NR]
Agencia de catalogación original [NR] Co-BoUCM
Idioma de catalogación [NR] spa
041 ## - CODIGO DE IDIOMA [R]
Código de idioma para texto/pista de sonido o título separado [R] Francés
100 1# - ASIENTO PRINCIPAL--NOMBRE PERSONAL [NR]
Nombre personal [NR] Scietatis Jesu
ID Autoridad 155796
245 10 - MENCION DE TITULO [NR]
Título [NR] Selecta et optimis graecis auctoribus
Mención de responsabilidad, etc. [NR] Scietatis Jesu.
260 ## - PUBLICACION, DISTRIBUCION, ETC. (PIE DE IMPRENTA) [R]
Lugar de publicación, distribución, etc. [R] Madrid (España)
Nombre del editor, distribuidor, etc. [R] Typis E. Aguado
Fecha de publicación, distribución, etc. [R] 1829
300 ## - DESCRIPCION FISICA [R]
Extensión [R] 1 volúmenes
500 ## - NOTA GENERAL [R]
Nota general [NR] Biblioteca tiene: parte II.
650 04 - ASIENTO SECUNDARIO DE MATERIA - TERMINO TEMATICO [R]
Término temático o nombre geográfico como elemento de entrada [NR] Literatura griega
9 (RLIN) 76
650 04 - ASIENTO SECUNDARIO DE MATERIA - TERMINO TEMATICO [R]
Término temático o nombre geográfico como elemento de entrada [NR] Poesía griega
Subdivisión de forma [R] Colecciones
9 (RLIN) 21813
942 ## - ELEMENTOS DE ENTRADA AGREGADOS (KOHA)
Tipo de ítem principal el descrito en 300a Libro
Tema principal Literatura
Edición 1
Parte restante de la signatura top. S62s
Sistema de clasificación DEWEY
Clasificación 881.08
Título oculto en OPAC No
Existencias
Signatura topográfica Código de barras Última vez visto Ejemplar Price effective from Tipo de ítem Perdido Sistema de clasificación Dañado No prestable Tipo de ítem específico Suprimido Ubicación habitual Ubicación actual Localización Fecha de creación Forma de adquisición Costo
881.08 S62s 100003346 09/12/2025 Ej.1 03/02/2013 Libro   DEWEY     Libro   Claustro Claustro 2do piso 28/02/2003 Donación 10.00